<?xml version="1.0" encoding="UTF-8"?>
<record
    xmlns:xsi="http://www.w3.org/2001/XMLSchema-instance"
    xsi:schemaLocation="http://www.loc.gov/MARC21/slim http://www.loc.gov/standards/marcxml/schema/MARC21slim.xsd"
    xmlns="http://www.loc.gov/MARC21/slim">

  <leader>01808nam0a2200361   4500</leader>
  <controlfield tag="001">RU\NLR\bibl\1317904</controlfield>
  <controlfield tag="005">20260408192439.0</controlfield>
  <datafield tag="010" ind1=" " ind2=" ">
    <subfield code="a">978-5-8459-1464-4</subfield>
    <subfield code="9">2000</subfield>
  </datafield>
  <datafield tag="021" ind1=" " ind2=" ">
    <subfield code="a">RU</subfield>
    <subfield code="b">2008-91945</subfield>
    <subfield code="9">5382</subfield>
  </datafield>
  <datafield tag="035" ind1=" " ind2=" ">
    <subfield code="a">(NLR Aleph) 001303275</subfield>
  </datafield>
  <datafield tag="090" ind1=" " ind2=" ">
    <subfield code="a">632926</subfield>
    <subfield code="c">632926</subfield>
  </datafield>
  <datafield tag="100" ind1=" " ind2=" ">
    <subfield code="a">20090120d2009    |||y0rusy50      ca</subfield>
  </datafield>
  <datafield tag="101" ind1="1" ind2=" ">
    <subfield code="a">rus</subfield>
    <subfield code="c">eng</subfield>
  </datafield>
  <datafield tag="102" ind1=" " ind2=" ">
    <subfield code="a">RU</subfield>
  </datafield>
  <datafield tag="105" ind1=" " ind2=" ">
    <subfield code="a">a   |||||||||</subfield>
  </datafield>
  <datafield tag="200" ind1="1" ind2=" ">
    <subfield code="a">&#x419;&#x43E;&#x440;&#x43A;&#x448;&#x438;&#x440;&#x441;&#x43A;&#x438;&#x435; &#x442;&#x435;&#x440;&#x44C;&#x435;&#x440;&#x44B; &#x434;&#x43B;&#x44F; &#x447;&#x430;&#x439;&#x43D;&#x438;&#x43A;&#x43E;&#x432;</subfield>
    <subfield code="e">[&#x43E;&#x431;&#x44A;&#x44F;&#x441;&#x43D;&#x435;&#x43D;&#x438;&#x435; &#x447;&#x435;&#x43B;&#x43E;&#x432;&#x435;&#x447;&#x435;&#x441;&#x43A;&#x438;&#x43C; &#x44F;&#x437;&#x44B;&#x43A;&#x43E;&#x43C;]</subfield>
    <subfield code="f">&#x422;&#x440;&#x435;&#x439;&#x441;&#x438; &#x411;&#x430;&#x440;&#x440; &#x438; &#x41F;&#x438;&#x442;&#x435;&#x440; &#x424;. &#x412;&#x435;&#x43B;&#x438;&#x43D;&#x433;</subfield>
    <subfield code="g">[&#x43F;&#x435;&#x440;. &#x441; &#x430;&#x43D;&#x433;&#x43B;. &#x411;&#x435;&#x440;&#x448;&#x442;&#x435;&#x439;&#x43D;&#x430; &#x418;.&#x412;., &#x422;&#x438;&#x43C;&#x447;&#x435;&#x43D;&#x43A;&#x43E; &#x415;.&#x42D;.]</subfield>
  </datafield>
  <datafield tag="210" ind1=" " ind2=" ">
    <subfield code="a">&#x41C;&#x43E;&#x441;&#x43A;&#x432;&#x430; [&#x438; &#x434;&#x440;.]</subfield>
    <subfield code="c">&#x414;&#x438;&#x430;&#x43B;&#x435;&#x43A;&#x442;&#x438;&#x43A;&#x430;</subfield>
    <subfield code="c">&#x412;&#x438;&#x43B;&#x44C;&#x44F;&#x43C;&#x441;</subfield>
    <subfield code="d">2009 [&#x442;.&#x435;. 2008]</subfield>
  </datafield>
  <datafield tag="215" ind1=" " ind2=" ">
    <subfield code="a">234 &#x441;., [4] &#x43B;. &#x446;&#x432;. &#x438;&#x43B;.</subfield>
    <subfield code="c">&#x438;&#x43B;.</subfield>
    <subfield code="d">24</subfield>
  </datafield>
  <datafield tag="225" ind1="1" ind2=" ">
    <subfield code="a">... &#x434;&#x43B;&#x44F; "&#x447;&#x430;&#x439;&#x43D;&#x438;&#x43A;&#x43E;&#x432;"</subfield>
  </datafield>
  <datafield tag="300" ind1=" " ind2=" ">
    <subfield code="a">&#x417;&#x430;&#x433;&#x43B;. &#x438; &#x430;&#x432;&#x442;. &#x43E;&#x440;&#x438;&#x433;.: Yorkshire terriers for dummies / by Tracy Barr and Peter F. Veling</subfield>
  </datafield>
  <datafield tag="300" ind1=" " ind2=" ">
    <subfield code="a">&#x41D;&#x430; &#x43E;&#x431;&#x43B;. 2-&#x439; &#x430;&#x432;&#x442;.: &#x41F;&#x438;&#x442;&#x435;&#x440; &#x424;. &#x412;&#x435;&#x43B;&#x438;&#x43D;&#x433;, &#x434;-&#x440; &#x432;&#x435;&#x442;&#x435;&#x440;&#x438;&#x43D;&#x430;&#x440;&#x438;&#x438;</subfield>
  </datafield>
  <datafield tag="300" ind1=" " ind2=" ">
    <subfield code="a">&#x41A;&#x43D;. &#x444;&#x430;&#x43A;&#x442;&#x438;&#x447;&#x435;&#x441;&#x43A;&#x438; &#x438;&#x437;&#x434;&#x430;&#x43D;&#x430; &#x432; 2008 &#x433;.</subfield>
  </datafield>
  <datafield tag="320" ind1=" " ind2=" ">
    <subfield code="a">&#x41F;&#x440;&#x435;&#x434;&#x43C;. &#x443;&#x43A;&#x430;&#x437;.: &#x441;. 229-234</subfield>
  </datafield>
  <datafield tag="454" ind1=" " ind2="0">
    <subfield code="1">2001#$aYorkshire terriers for dummies$fby Tracy Barr and Peter F. Veling</subfield>
    <subfield code="1">700#1$aBarr$bT.$gTracy$4070</subfield>
    <subfield code="1">701#1$aVeling$bP. F.$gPeter F.$4070</subfield>
    <subfield code="t">Yorkshire terriers for dummies</subfield>
    <subfield code="a">Barr, Tracy</subfield>
  </datafield>
  <datafield tag="606" ind1=" " ind2=" ">
    <subfield code="a">&#x419;&#x43E;&#x440;&#x43A;&#x448;&#x438;&#x440;&#x441;&#x43A;&#x438;&#x435; &#x442;&#x435;&#x440;&#x44C;&#x435;&#x440;&#x44B;</subfield>
    <subfield code="j">&#x41F;&#x43E;&#x43F;&#x443;&#x43B;&#x44F;&#x440;&#x43D;&#x44B;&#x435; &#x438;&#x437;&#x434;&#x430;&#x43D;&#x438;&#x44F;</subfield>
    <subfield code="3">RU\NLR\auth\661300508</subfield>
    <subfield code="9">2160959</subfield>
  </datafield>
  <datafield tag="686" ind1=" " ind2=" ">
    <subfield code="a">&#x41F;673.39 &#x439;&#x43E;&#x440;&#x43A;&#x448;&#x438;&#x440;&#x441;&#x43A;&#x438;&#x435; &#x442;&#x435;&#x440;&#x44C;&#x435;&#x440;&#x44B;</subfield>
  </datafield>
  <datafield tag="700" ind1=" " ind2="1">
    <subfield code="a">&#x411;&#x430;&#x440;&#x440;</subfield>
    <subfield code="b">&#x422;.</subfield>
    <subfield code="g">&#x422;&#x440;&#x435;&#x439;&#x441;&#x438;</subfield>
    <subfield code="4">070</subfield>
  </datafield>
  <datafield tag="701" ind1=" " ind2="1">
    <subfield code="a">&#x412;&#x435;&#x43B;&#x438;&#x43D;&#x433;</subfield>
    <subfield code="b">&#x41F;. &#x424;.</subfield>
    <subfield code="g">&#x41F;&#x438;&#x442;&#x435;&#x440; &#x424;.</subfield>
    <subfield code="4">070</subfield>
  </datafield>
  <datafield tag="801" ind1=" " ind2="0">
    <subfield code="a">RU</subfield>
    <subfield code="b">NLR</subfield>
    <subfield code="c">20090120</subfield>
    <subfield code="g">RCR</subfield>
  </datafield>
  <datafield tag="801" ind1=" " ind2="1">
    <subfield code="a">RU</subfield>
    <subfield code="b">NLR</subfield>
    <subfield code="c">20090120</subfield>
  </datafield>
  <datafield tag="942" ind1=" " ind2=" ">
    <subfield code="c">BOOK</subfield>
  </datafield>
  <datafield tag="980" ind1=" " ind2=" ">
    <subfield code="a">NB</subfield>
  </datafield>
  <datafield tag="995" ind1=" " ind2=" ">
    <subfield code="5">2009-01-20</subfield>
    <subfield code="a">ad</subfield>
    <subfield code="b">NLR01</subfield>
    <subfield code="c">NLR01</subfield>
    <subfield code="e">RF9</subfield>
    <subfield code="f">2832651</subfield>
    <subfield code="k">2009-7/506</subfield>
    <subfield code="o">0</subfield>
    <subfield code="r">BOOK</subfield>
    <subfield code="s">20097506_</subfield>
  </datafield>
  <datafield tag="995" ind1=" " ind2=" ">
    <subfield code="5">2009-01-20</subfield>
    <subfield code="a">ad</subfield>
    <subfield code="b">NLR01</subfield>
    <subfield code="c">NLR01</subfield>
    <subfield code="e">RF9</subfield>
    <subfield code="f">2832652</subfield>
    <subfield code="k">2009-7/506</subfield>
    <subfield code="o">0</subfield>
    <subfield code="r">BOOK</subfield>
    <subfield code="s">20097506_</subfield>
  </datafield>
</record>
